00786nam a2200229 i 4500001000300000003000900003005001700012008003900029015001700068040003500085080001700120100004200137245007200179260003600251300004700287380001700334504002600351650002200377710003400399700002600433856009700459bgKOSZ 00520200417101307.0071121s1968 pl a f 000 0 pol aPB 1968/9912 aWA NcKOSZ 005/RWdKOSZ 005/RW a669.1(084.1)1 aMichałowski, Maciejd(1922- )eAutor10aAtlas pieców martenowskich /cMaciej Michałowski, Roman Wessely. aKatowice :b"Śląsk",c1968. a15, [1] s., [30] k. tabl. :bil. ;c27 cm. aKsiążki. aBibliogr. s. 15-[16]. 4aPiec martenowski.2 aWydawnictwo "Śląsk"4pbl.1 aWessely, RomaneAutor uhttp://koha.tu.koszalin.pl/cgi-bin/koha/opac-detail.pl?biblionumber=7810yKatalog online BPK